| 000 | 01081cac a22002171u 4500 | ||
|---|---|---|---|
| 008 | 081108t2002 xxu||||| |||| 00| 0 eng d | ||
| 010 | _a2001052142 | ||
| 020 | _a007136207X (pbk.) | ||
| 082 |
_a004.22 _bCAR |
||
| 100 |
_aCarter, Nicholas _919705 |
||
| 245 |
_aSchaum’s Outline of Computer Architecture / _cNicholas Carter |
||
| 260 |
_aNew Delhi : _bMcGraw-Hill, _cc2002. |
||
| 300 |
_aviii, 306 p. : _bill. ; _c28 cm. |
||
| 490 |
_918092 _aSchaum's outline series |
||
| 500 | _aIncludes index. | ||
| 650 |
_aComputer architecture. _919706 |
||
| 942 |
_cBB _k004.22CAR _2ddc |
||
| 999 |
_c601 _d601 |
||